| 000 | 00738nam a2200229Ia 4500 | ||
|---|---|---|---|
| 001 | 3261 | ||
| 003 | GE_BSU | ||
| 008 | 181216s||||||||xx |||||||||||||| ||und|| | ||
| 040 | _cGE_BSU | ||
| 080 | _a624.04(075.8) | ||
| 100 | _aКиселев,В.А. | ||
| 245 | _aСтроительная механика. Спец. курс. Динамика и устойчивость сооружений. | ||
| 245 | _bУчебник для вузов. | ||
| 245 | _cРед. Л. И. Круглова. | ||
| 250 | _a3-е изд., испр. и доп. | ||
| 260 | _aМ. | ||
| 260 | _bСтройиздат. | ||
| 260 | _c1980. | ||
| 300 | _a616 стр. с илл. 21 см. | ||
| 653 | _aСтроительная механика. | ||
| 942 | _cBK | ||
| 999 |
_c37302 _d37302 |
||